La Araucana

Poema que hace referencia a un conflicto desarrollado entre 1550 y 1656 donde se enfrentó el imperio Español contra los mapuche perteneciente a la región que hoy conocemos como Chile. Obra publicada en tres partes en la que se destaca la particularidad de no poseer un protagonista único, pues el enf...

Description complète

Enregistré dans:
Détails bibliographiques
Auteur principal: Ercilla, Alonso de
Format: Livre
Langue:Undetermined
Publié: Managua, Nicaragua Nueva Nicaragua 1984
Sujets:
Tags: Ajouter un tag
Pas de tags, Soyez le premier à ajouter un tag!

MARC

LEADER 00000nam a2200000Ia 4500
008 170316s9999 xx 000 0 und d
040 |a cru BVZT 
090 |a 860 E-5a 
100 |a Ercilla, Alonso de  |9 1404 
245 |a La Araucana 
260 |a Managua, Nicaragua 
260 |b Nueva Nicaragua 
260 |c 1984 
300 |a 635 páginas (Biblioteca páginasopáginasular de Cultura Universal) 
520 |a Poema que hace referencia a un conflicto desarrollado entre 1550 y 1656 donde se enfrentó el imperio Español contra los mapuche perteneciente a la región que hoy conocemos como Chile. Obra publicada en tres partes en la que se destaca la particularidad de no poseer un protagonista único, pues el enfoque principal se encuentra en los pueblos involucrados en la lucha 
650 |a LITERATURA LATINOAMERICANA  |9 15 
999 |c 8645  |d 8645 
942 |c 15 D  |h 860 E-5a  |2 z